[Event "Ch World (match) (cand.) (1/2)"]
[Site "masterchessopen.com Minsk (Belarus)"]
[Round "1"]
[White "Vaganian Rafael A (ARM)"]
[Black "Sokolov Andrei (FRA)"]
[Result "1/2-1/2"]
[WhiteElo "2600"]
[BlackElo "2620"]

1.d4 Nf6 2.c4 e6 3.Nc3 Bb4 4.e3 O-O 5.Bd3 d5 6.a3 dxc4 7.Bxc4 Bd6 8.Qc2 Nbd7
9.Nf3 a6 10.Ba2 ( 10.b4 e5 11.Bb2 a5 12.b5 exd4 13.Nxd4 Nb6 14.Be2 { P } )
10...c5 11.dxc5 Bxc5 12.b4 Be7 13.Nd4 Nb6 14.Bb2 Bd7 15.O-O {#d} 1/2-1/2

[Event "Ch World (match) (cand.) (1/2)"]
[Site "masterchessopen.com Minsk (Belarus)"]
[Round "3"]
[White "Vaganian Rafael A (ARM)"]
[Black "Sokolov Andrei (FRA)"]
[Result "0-1"]
[WhiteElo "2600"]
[BlackElo "2620"]

1.d4 Nf6 2.c4 e6 3.Nc3 Bb4 4.e3 O-O 5.Bd3 d5 6.a3 dxc4 7.Bxc4 Bd6 8.Qc2 Nbd7
9.Nf3 c5 10.dxc5 Bxc5 11.O-O b6 12.e4 Bb7 13.Bg5 ( 13.e5 Ng4 14.Ng5 g6 15.Nxe6
fxe6 { ! } 16.Bxe6+ Kg7 17.Bxg4 Nxe5 18.Qe2 Qd4 19.Be6 Rf6 { ! } 20.Be3 Qh4
21.Bxc5 Rxe6 { ! } 22.Be3 Rf8 { e } ) 13...Qc7 14.Qe2 Ne5 15.Bxf6 ( 15.Ba2
Nxf3+ 16.Qxf3 Bd4 { ! } 17.Rac1 Qe5 18.Bf4 Qh5 { P } ) 15...Nxc4 16.Bh4 Ne5 (
16...a5 17.Bg3 Qc6 18.Rfc1 Ba6 19.Qc2 { P } ) 17.Rfd1 Nxf3+ 18.Qxf3 f5 19.b4
Bd6 20.Qh3 Be5 21.Rac1 Qf7 22.exf5 exf5 23.Ne2 Rac8 24.Rxc8 Rxc8 25.Bg3 Bb2
26.Bf4 Qe6 27.Qd3 Bf6 28.f3 Rd8 29.Qc2 Rxd1+ 30.Qxd1 Ba6 31.Kf2 g5 32.Bc1 Bc4
33.Qd2 Kf7 34.Ng3 b5 35.Ne2 f4 36.h4 h6 37.hxg5 hxg5 38.Qc2 ( 38.Nd4 Bxd4+
39.Qxd4 Qe2+ 40.Kg1 Qe1+ 41.Kh2 Qxc1 42.Qd7+ Kg6 43.Qc6+ { ! } 43...Kh5
44.Qe8+ { = } ) 38...a6 39.Qh7+ Kf8 40.Qh6+ Ke7 41.Qh7+ Kd6 42.Qc2 Qe5 43.Qd2+
Ke6 44.Qe1 Kf7 45.Qd2 a5 46.Qc2 axb4 47.axb4 Be7 48.Bb2 Qe3+ 49.Kf1 Bd3 50.Qd1
Bxb4 51.Qb3+ Ke8 52.Qd1 Bc5 53.Ke1 Bc4 {#R} 0-1

[Event "Ch Great Britain"]
[Site "masterchessopen.com Southampton (England)"]
[Round "11"]
[White "Hebden Mark (ENG)"]
[Black "Bell Stephen (ENG)"]
[Result "1-0"]
[WhiteElo "2445"]
[BlackElo "2370"]

1.d4 Nf6 2.c4 e6 3.Nc3 Bb4 4.e3 O-O 5.Bd3 d5 6.a3 dxc4 7.Bxh7+ Nxh7 8.axb4 e5
9.Nf3 Bg4 10.dxe5 Qxd1+ 11.Nxd1 Nc6 12.Bd2 Bxf3 13.gxf3 Nxe5 14.Ke2 a6 15.Bc3
Nd7 16.Rg1 f6 17.e4 Ng5 18.Ne3 Kf7 19.Nxc4 Rh8 20.Rad1 Rad8 21.Na5 Nh3 22.Rg3
Nf4+ 23.Ke3 Ne5 24.Rxd8 Rxd8 25.Kxf4 b6 26.Bxe5 fxe5+ 27.Kxe5 bxa5 28.bxa5 Rd2
29.f4 Rxb2 30.Rc3 Rb5+ 31.Kd4 Rxa5 32.Rxc7+ Kf8 33.f5 Ra2 34.Ke3 a5 35.Ra7 a4
36.h4 Ra1 37.Kf4 a3 38.h5 Rf1 39.f3 Rh1 40.Rxa3 Rxh5 41.e5 Rh4+ 42.Kg5 Rh1
43.Ra8+ Ke7 44.Ra7+ Kf8 45.f6 {#r} 1-0

[Event "Ch Great Britain"]
[Site "masterchessopen.com Southampton (England)"]
[Round "6"]
[White "Rossiter Philip J (ENG)"]
[Black "Pritchett Craig W (SCO)"]
[Result "1/2-1/2"]
[WhiteElo "2376"]
[BlackElo "2400"]

1.d4 Nf6 2.c4 e6 3.Nc3 Bb4 4.e3 O-O 5.Bd3 d5 6.a3 dxc4 7.Bxc4 Bd6 8.Qc2 c5
9.dxc5 Bxc5 10.Nf3 Nbd7 11.O-O b6 12.b4 Be7 13.Qe2 Bb7 14.Ba6 Bxa6 15.Qxa6 Qc8
16.Qxc8 Rfxc8 17.Bb2 a6 18.e4 Ng4 19.Na4 b5 20.Rad1 Ra7 21.Rxd7 Rxd7 22.Nb6
Rc2 23.Nxd7 Rxb2 24.e5 f6 25.exf6 Nxf6 26.Nb8 Ra2 27.Nxa6 Rxa3 28.Nc7 Bxb4
29.Nxb5 Ra5 30.Nbd4 Ra6 31.Rc1 Bc5 32.Ng5 Ne4 33.Ngxe6 Bxd4 34.Nxd4 Rd6 35.Ne2
Rd2 36.Kf1 h6 37.f3 Nf6 38.Rc5 Kf7 39.Ke1 Rd5 40.Rc8 Re5 41.Kf2 Re8 42.Rc5 Re7
43.h4 g6 44.Nf4 Rd7 45.g4 Ra7 46.Rc6 g5 47.hxg5 hxg5 48.Ne6 Ra5 49.Nd4 Rd5
50.Nf5 Rd2+ 51.Ke3 Rd7 52.Nd6+ Kg7 53.Ra6 Re7+ 54.Kd4 Re1 55.Nc4 Rd1+ 56.Ke5
Nd7+ 57.Kf5 Rd5+ 58.Ke4 Rd1 59.Rc6 Kf7 60.Nd6+ Ke7 61.Nf5+ Kf7 62.Rc7 Ke6
63.Nd4+ Kd6 64.Rc6+ Ke7 65.Rg6 Re1+ 66.Kd5 Re5+ 67.Kc4 Rc5+ 68.Kb4 Rc4+
69.Kxc4 Ne5+ 70.Kd5 Nxg6 71.Nf5+ Kf6 72.Ng3 Nh4 73.Ne4+ Kg6 74.Nd2 Kf6 75.Kd6
Ng2 76.Ne4+ Kg6 77.Ke7 Ne1 78.Nd2 Kg7 79.Ke6 Kg6 80.Ke5 Nd3+ 81.Kd5 Nf4+
82.Kd6 Kf6 83.Ne4+ Kg6 84.Nc3 Nd3 85.Nb5 Ne1 86.Nd4 Kf6 87.Kd5 Nd3 88.Ne6 Ne1
89.Nd4 Nd3 90.Nc6 Nf4+ 91.Kd6 Nd3 92.Nb8 Ne1 93.Nd7+ Kg7 94.Ne5 Kf6 95.Kd5 Ke7
96.Kd4 Ke6 97.Ke4 Ng2 98.Nd3 Kf6 99.Kd4 Ke6 100.Nc5+ Kf6 101.Kd5 Ne1 102.Ne4+
Kg6 103.Nd2 Kf6 104.Kd6 Nc2 105.Ne4+ Kg6 106.Ke5 Ne1 107.Nd2 Nc2 108.Nc4 Ne1
109.Ke4 Kf6 110.Ne5 Ke6 111.Nd3 Nc2 112.Nc5+ Kf6 113.Kd5 Ne3+ 114.Kd4 Nc2+
115.Ke4 Ne1 116.Nb3 Ke6 117.Nd4+ Kf6 118.Kd5 Nd3 119.Nc6 Nf4+ {#d} 1/2-1/2

[Event "It \"]
[Site "masterchessopen.com Budapest (Hungary)"]
[Round "0"]
[White "Cardon Helmut (NED)"]
[Black "Mantovani Renzo (ITA)"]
[Result "1-0"]
[WhiteElo "2380"]
[BlackElo "2346"]

1.d4 Nf6 2.c4 e6 3.Nc3 Bb4 4.e3 O-O 5.Bd3 d5 6.a3 dxc4 7.Bxc4 Bxc3+ 8.bxc3 e5
9.a4 c5 10.Nf3 Nc6 11.Ba3 Qa5 12.O-O Bg4 13.Bxc5 e4 14.Bxf8 Rxf8 15.Be2 exf3
16.Bxf3 Bxf3 17.Qxf3 Qxc3 18.Rab1 Na5 19.Rfd1 Qc2 20.d5 Qxa4 21.d6 Qe4 22.d7
Qxf3 23.d8=Q Qf5 24.Qe7 h5 25.Rbc1 Re8 26.Qc7 Qe5 27.Qxe5 Rxe5 28.Rd8+ Kh7
29.Rc7 Kg6 30.Rf8 Rd5 31.f3 Rd7 32.Rc5 b6 33.Rb5 Rd2 34.h4 Nc4 35.Rg5+ Kh7
36.Rxf7 Ne8 37.Re7 Rd8 38.Rxh5+ Kg6 39.Rg5+ Kf6 40.Rxa7 Rb8 41.Rb5 Ned6 42.Rb3
Nd2 43.Rb4 N2c4 44.Kf2 b5 45.h5 Rb6 46.g4 Nb7 47.f4 Nca5 48.g5+ Kf7 49.Rb1 Nc6
50.Ra8 b4 51.g6+ Kf6 52.Rf8+ Ke7 53.h6 Kxf8 54.h7 Ne7 55.h8=Q+ Ng8 56.Qh5 Ke7
57.Qe5+ {#r} 1-0

[Event "Ch Czechoslovakia"]
[Site "masterchessopen.com Namestovo (Slovakia)"]
[Round "0"]
[White "Trapl Jindrich (CZE)"]
[Black "Knezevic Milorad (SRB)"]
[Result "1/2-1/2"]
[WhiteElo "2336"]
[BlackElo "2212"]

1.d4 Nf6 2.c4 e6 3.Nc3 Bb4 4.e3 O-O 5.Bd3 d5 6.a3 dxc4 7.Bxc4 Bd6 8.Nb5 Be7
9.Nf3 Nc6 10.Nc3 Bd6 11.Nb5 Be7 {#d} 1/2-1/2

[Event "Memorial A.Rubinstein"]
[Site "masterchessopen.com Polanica Zdroj (Poland)"]
[Round "0"]
[White "Thorsteins Karl (ISL)"]
[Black "Spassov Liuben (BUL)"]
[Result "1-0"]
[WhiteElo "2469"]
[BlackElo "2367"]

1.d4 Nf6 2.c4 e6 3.Nc3 Bb4 4.e3 O-O 5.Bd3 d5 6.a3 dxc4 7.Bxh7+ Nxh7 8.axb4 Nd7
9.Nf3 c6 10.e4 Qe7 11.e5 Qxb4 12.h4 f6 13.Qe2 b5 14.Kf1 Qe7 15.Ne4 c5 16.exf6
Nhxf6 17.Neg5 Re8 18.h5 Bb7 19.dxc5 Bxf3 20.Qxf3 Nxc5 21.h6 g6 22.h7+ Kh8
23.Be3 Nb3 24.Ra6 Nd5 25.Nf7+ Kg7 26.Bh6+ Kxh7 27.Bf8+ {#r} 1-0

[Event "?"]
[Site "masterchessopen.com Vrnjacka Banja (Serbia)"]
[Round "0"]
[White "Ilic Dragan B (SRB)"]
[Black "Drasko Milan (MNE)"]
[Result "1/2-1/2"]
[WhiteElo "2266"]
[BlackElo "2465"]

1.d4 Nf6 2.c4 e6 3.Nc3 Bb4 4.e3 O-O 5.Bd3 d5 6.a3 dxc4 7.Bxc4 Bd6 8.Nf3 Nc6
9.O-O a6 10.e4 e5 11.dxe5 Nxe5 12.Nxe5 Bxe5 13.Qxd8 Rxd8 14.Re1 b5 15.Bf1 Be6
16.f3 c5 17.Be3 Bd4 18.Kf2 Nd7 19.Rac1 Ne5 20.b4 Nc4 21.Bxc4 Bxc4 22.bxc5
Bxe3+ 23.Kxe3 Rd3+ 24.Kf4 Rc8 25.Red1 Rxc5 26.Rxd3 Bxd3 27.Ke3 Bf1 28.Kf2 Bd3
29.Ke3 Bf1 30.Kf2 Bd3 31.Ke3 Bf1 {#d} 1/2-1/2

[Event "It"]
[Site "masterchessopen.com Yurmala (Latvia)"]
[Round "1"]
[White "Bagirov Vladimir (LAT)"]
[Black "Arnason Jon L (ISL)"]
[Result "1/2-1/2"]
[WhiteElo "2470"]
[BlackElo "2555"]

1.d4 Nf6 2.c4 e6 3.Nc3 Bb4 4.e3 O-O 5.Bd3 d5 6.a3 dxc4 7.Bxc4 Bxc3+ 8.bxc3 c5
9.Ne2 b6 10.O-O Qc7 11.Bd3 Bb7 12.f3 e5 13.e4 Nbd7 14.Be3 Rfd8 15.d5 {#d}
1/2-1/2

[Event "It (open)"]
[Site "masterchessopen.com Badenweiler (Germany)"]
[Round "9"]
[White "Roemer Ulrich (GER)"]
[Black "Sonntag Hans-Hubert (GER)"]
[Result "0-1"]
[WhiteElo "2292"]
[BlackElo "2385"]

1.d4 Nf6 2.c4 e6 3.Nc3 Bb4 4.e3 O-O 5.Bd3 d5 6.a3 dxc4 7.Bxh7+ Nxh7 8.axb4 Nc6
9.Ra4 a5 10.bxa5 Nxa5 11.Qh5 b6 12.Nf3 Bd7 13.Ra3 Nb3 14.Rxa8 Qxa8 15.O-O Bc6
16.Ng5 Nxg5 17.Qxg5 b5 18.f3 b4 19.Ne2 Qd8 20.Qg3 Qd6 21.Qg5 Ra8 22.Nf4 Qd8
23.Qg4 Qf6 24.Re1 Bb5 25.e4 Ra1 26.e5 Qh6 27.Bd2 Rxe1+ 28.Bxe1 Nxd4 29.Kf2 c5
30.Nh5 Qg6 31.Qxg6 fxg6 32.Nf4 c3 33.Bxc3 bxc3 34.bxc3 g5 35.cxd4 gxf4 36.dxc5
Kf7 37.g4 g5 38.Kg2 Ke7 39.h4 gxh4 40.Kh3 Bc6 41.Kxh4 Bxf3 42.Kg5 Bc6 43.Kxf4
Kf7 44.Kg5 Kg7 45.Kh5 Bd7 46.Kg5 Be8 47.Kf4 Kg6 48.g5 Kh5 49.g6 Kxg6 {#R} 0-1

[Event "It (open)"]
[Site "masterchessopen.com Lyngby (Denmark)"]
[Round "2"]
[White "Olesen Martin (DEN)"]
[Black "Andersen Daniel (DEN)"]
[Result "0-1"]
[WhiteElo "2304"]
[BlackElo "1947"]

1.d4 Nf6 2.c4 e6 3.Nc3 Bb4 4.e3 O-O 5.Bd3 d5 6.a3 dxc4 7.Bxc4 Bxc3+ 8.bxc3 c5
9.Nf3 Qc7 10.Qc2 Nc6 11.O-O e5 12.Bd3 Rd8 13.Bb2 Bg4 14.Nxe5 Nxe5 15.dxe5 Qxe5
16.c4 Qd6 17.Bf5 Bxf5 18.Qxf5 Ne8 19.Qf3 Qe6 20.Rfd1 Nd6 21.Qd5 Qxd5 22.cxd5
b5 23.g4 Nc4 24.Rab1 Rd7 25.e4 a5 26.Rd3 b4 27.e5 Rb8 28.Ba1 Nb6 29.axb4 Rxd5
30.Rxd5 Nxd5 31.b5 Nb4 32.Rd1 g5 33.Rd7 Kf8 34.e6 fxe6 35.Rxh7 Rxb5 36.Kg2 Nd5
37.Be5 c4 38.h4 Ne3+ 39.fxe3 Rxe5 40.Rc7 Rxe3 41.Rxc4 gxh4 42.Ra4 Rg3+ 43.Kf2
Kf7 44.Rxa5 Rxg4 45.Kf3 Rb4 46.Rh5 Kg6 47.Rh8 Kf6 48.Rh6+ Ke5 49.Rh5+ Kd6
50.Ke3 h3 51.Kf3 Rb2 52.Ke4 Rh2 53.Kf3 Rh1 54.Kf2 e5 55.Rh8 Kd5 56.Rh4 h2 {#R}
0-1

[Event "It (cat.10)"]
[Site "masterchessopen.com Royan (France)"]
[Round "7"]
[White "Murey Jacob (ISR)"]
[Black "Renet Olivier (FRA)"]
[Result "1-0"]
[WhiteElo "2545"]
[BlackElo "2440"]

1.d4 Nf6 2.c4 e6 3.Nc3 Bb4 4.e3 O-O 5.Bd3 d5 6.a3 dxc4 7.Bxh7+ Nxh7 8.axb4 e5
9.Nge2 exd4 10.Nxd4 Nd7 11.O-O c5 12.bxc5 Nxc5 13.Qc2 b6 14.Rd1 Bb7 15.Ne6 Qh4
16.Nxc5 bxc5 17.e4 Rfe8 18.f3 f5 19.Nb5 Nf6 20.Qxc4+ Kh7 21.Nd6 Rad8 22.Be3
Rxd6 23.Rxd6 fxe4 24.g3 Qh5 25.Rxf6 gxf6 26.Rxa7 {#r} 1-0

[Event "Memorial A.Kotov"]
[Site "masterchessopen.com Odessa (Ukraine)"]
[Round "0"]
[White "Glek Igor V (GER)"]
[Black "Szekely Peter (HUN)"]
[Result "1/2-1/2"]
[WhiteElo "2505"]
[BlackElo "2420"]

1.d4 Nf6 2.c4 e6 3.Nc3 Bb4 4.e3 O-O 5.Bd3 d5 6.a3 dxc4 7.Bxc4 Bd6 8.Nf3 Nc6
9.O-O e5 10.h3 Bf5 11.b4 exd4 12.exd4 Ne4 13.Nxe4 Bxe4 14.Ng5 Bg6 15.f4 Be7
16.d5 Bxg5 17.fxg5 Ne5 18.Bb3 Qd6 19.Qd4 Nd3 20.Be3 Rfe8 21.Rad1 Qb6 22.Bf2
Nxf2 23.Qxf2 Qe3 24.Ba4 Re7 25.Qxe3 Rxe3 26.Rf3 Re5 27.Rc3 Rc8 28.h4 Bf5
29.Bb3 Kf8 30.Rdc1 Rd8 31.Rxc7 Re3 32.R1c3 Rxc3 33.Rxc3 Be4 34.Re3 Re8 35.Rc3
Re7 36.Kf2 Rd7 37.Rc8+ Ke7 38.Rg8 g6 39.Rg7 Bxd5 40.Bxd5 Rxd5 41.Rxh7 Ke6
42.Rh8 Rd3 43.Rb8 b6 44.g4 Rxa3 45.Re8+ Kd7 46.Re3 Rxe3 47.Kxe3 a5 48.h5 gxh5
49.gxh5 Ke7 50.Kd4 axb4 51.Kc4 f5 52.gxf6+ {#d} 1/2-1/2

[Event "It (open)"]
[Site "masterchessopen.com Spain"]
[Round "0"]
[White "Sarmiento Alfonso Braulio (ESP)"]
[Black "Miralles Gilles (FRA)"]
[Result "0-1"]
[WhiteElo "2359"]
[BlackElo "2400"]

1.d4 Nf6 2.c4 e6 3.Nc3 Bb4 4.e3 O-O 5.Bd3 d5 6.a3 dxc4 7.Bxc4 Bd6 8.Nf3 Nc6
9.O-O e5 10.dxe5 Nxe5 11.Nxe5 Bxe5 12.Qxd8 Rxd8 13.f3 Be6 14.Be2 Bxc3 15.bxc3
Nd5 16.c4 Nc3 17.Rf2 Nxe2+ 18.Rxe2 Bxc4 19.Rc2 b5 20.Bb2 c5 21.a4 a6 22.axb5
axb5 23.Rxa8 Rxa8 24.Be5 f6 25.Bd6 Rc8 26.e4 Kf7 27.Bf4 Bb3 28.Rc1 Ke6 29.Kf2
c4 30.Bd2 Rb8 31.Bb4 Rd8 32.Ra1 Ba4 33.Ke2 h5 34.Ra2 Rd3 35.Ra3 Bd1+ 36.Ke1
Bb3 37.Ra7 f5 38.Re7+ Kf6 39.e5+ Kg6 40.Re6+ Kh7 41.Re8 c3 42.Rc8 Rd1+ 43.Kf2
c2 44.Ba3 b4 {#R} 0-1

[Event "It"]
[Site "masterchessopen.com Ptuj (Slovenia)"]
[Round "10"]
[White "Jelen Igor (SLO)"]
[Black "Polajzer Danilo (SLO)"]
[Result "1/2-1/2"]
[WhiteElo "2380"]
[BlackElo "2293"]

1.d4 Nf6 2.c4 e6 3.Nc3 Bb4 4.e3 O-O 5.Bd3 d5 6.a3 dxc4 7.Bxh7+ Nxh7 8.axb4 e5
9.Nge2 b6 10.O-O Bb7 11.dxe5 Nc6 12.b5 Nxe5 13.Qxd8 Rfxd8 14.f4 Nd3 15.Ra4 a6
16.Rxc4 axb5 17.Rxc7 Ba6 18.Nd4 b4 19.Nce2 Nf6 20.Rc6 Re8 21.Rxb6 Nxc1 22.Rxc1
Bxe2 23.Nxe2 Rxe3 24.Nd4 Nd5 25.Rb7 Nxf4 26.Rf1 Re4 27.Nf5 Rd8 28.Ne7+ Kh7
29.g3 Nh3+ 30.Kg2 Ng5 31.h4 Re2+ 32.Rf2 Rxf2+ 33.Kxf2 Ne4+ 34.Kf3 Nd2+ 35.Ke2
Ne4 36.Nf5 Kg6 37.g4 Nf6 38.Kf3 Rd3+ 39.Kf4 Rd2 40.Ne7+ Kh7 41.Rxb4 Re2 42.Nf5
g6 43.Kf3 Rh2 44.Kg3 Nxg4 45.Rxg4 Rxb2 46.Nd6 Rb3+ 47.Kh2 f6 48.Ne8 Rb6 49.Rg3
Kh6 50.Kh3 Re6 51.Nc7 Rd6 52.Nb5 Rd5 53.Nc3 Rh5 54.Ne2 g5 {#d} 1/2-1/2

[Event "It (cat.9)"]
[Site "masterchessopen.com Vrnjacka Banja (Serbia)"]
[Round "1"]
[White "Pavlovic Milos (SRB)"]
[Black "Mitkov Nikola (MKD)"]
[Result "0-1"]
[WhiteElo "2531"]
[BlackElo "2490"]

1.d4 Nf6 2.c4 e6 3.Nc3 Bb4 4.e3 O-O 5.Bd3 d5 6.a3 dxc4 7.Bxc4 Bd6 8.Nf3 Nc6
9.O-O a6 10.h3 e5 11.Qc2 h6 12.Ba2 Re8 13.Rd1 Bd7 14.dxe5 Nxe5 15.Nd4 Qc8
16.Nd5 Nxd5 17.Bxd5 c5 18.Ne2 Be6 19.Be4 Bf8 20.Nf4 Nc6 21.Bd2 b5 22.Bc3 Ra7
23.Nxe6 Qxe6 24.Bd5 Qc8 25.Qg6 Ne5 26.Qg3 Nd7 27.Rac1 Nb6 28.Bf3 Na4 29.Be5
Qe6 30.Bb8 Rd7 31.Rxd7 Qxd7 32.b3 Nb6 33.Rd1 Qe6 34.Ba7 Nc8 35.Bb8 Qxb3 36.Rd7
Nb6 37.Rb7 Qe6 38.Ba7 Nc4 39.a4 b4 40.Bg4 Qf6 41.Rb8 Rxb8 42.Qxb8 Qa1+ 43.Kh2
Qe5+ 44.Qxe5 Nxe5 {#R} 0-1

[Event "Tournament"]
[Site "masterchessopen.com Cuba"]
[Round "0"]
[White "Lopez Carlos Manuel (CUB)"]
[Black "Hernandez Yudania (ESP)"]
[Result "1-0"]
[WhiteElo "2316"]
[BlackElo "2284"]

1.d4 Nf6 2.c4 e6 3.Nc3 Bb4 4.e3 O-O 5.Bd3 d5 6.a3 dxc4 7.Bxc4 Bxc3+ 8.bxc3 c5
9.Nf3 Qc7 10.Qd3 Nbd7 11.O-O Rd8 12.Bb2 Rb8 13.Rad1 b5 14.Ba2 Bb7 15.Rfe1 Qc6
16.Qf1 Ba6 17.Ne5 Nxe5 18.dxe5 Ng4 19.Rxd8+ Rxd8 20.Rd1 Qc7 21.c4 bxc4 22.Bc3
Rd3 23.Rc1 Nxe5 24.h3 Rd8 25.Qe2 Nd3 26.Rb1 e5 27.Qf3 Qd7 28.Qe4 Qa4 29.Bxe5
h6 30.Rb8 Qd1+ 31.Kh2 Nxf2 32.Rxd8+ Qxd8 33.Qc6 Qc8 34.Qf3 Nd3 35.Bc3 Qb8+
36.Kg1 Qe8 37.Qg3 g6 38.Qf3 Qe6 39.Kh1 Bb5 40.Bxc4 Nf2+ 41.Kg1 Qe7 42.Qa8+ Qf8
43.Qxf8+ Kxf8 44.Bxb5 Ne4 45.Be5 Ke7 46.Bb8 Nc3 47.Bc4 a5 48.Kf2 a4 49.Be5 Nb1
50.Bb2 Nd2 51.Bb5 Kd6 52.Ke2 Ne4 53.Bxa4 c4 54.Bd4 Kd5 55.Bc2 Nd6 56.a4 f5
57.Bg7 h5 58.Bf8 Nb7 59.Kd2 Nd8 60.Bd1 {#r} 1-0

[Event "It (open)"]
[Site "masterchessopen.com Helsinki (Finland)"]
[Round "7"]
[White "Gulko Boris F (USA)"]
[Black "Piskov Yury (RUS)"]
[Result "1/2-1/2"]
[WhiteElo "2610"]
[BlackElo "2500"]

1.d4 Nf6 2.c4 e6 3.Nc3 Bb4 4.e3 O-O 5.Bd3 d5 6.a3 dxc4 7.Bxc4 Bxc3+ 8.bxc3 c5
9.Nf3 Qc7 10.Ba2 b6 11.O-O Bb7 12.c4 Nbd7 13.Bb2 Rad8 14.Re1 Rfe8 15.Rc1 e5
16.d5 e4 17.Nd2 Ne5 18.Qc2 Neg4 19.Nf1 b5 20.cxb5 Bxd5 21.Bxd5 Rxd5 22.Red1
Red8 23.Rxd5 Rxd5 24.Rd1 Rxd1 25.Qxd1 h5 26.h3 Ne5 27.Ng3 h4 28.Nxe4 Nxe4
29.Qd5 Nf3+ 30.gxf3 Nxf2 31.Be5 Nxh3+ 32.Kg2 Qc8 33.Qc6 Qf5 34.Qa8+ Kh7 35.Qe4
Qxe4 36.fxe4 Ng5 37.a4 h3+ 38.Kh1 f6 39.a5 Ne6 40.Bd6 {#d} 1/2-1/2

[Event "It (open)"]
[Site "masterchessopen.com Ljubljana (Slovenia)"]
[Round "8"]
[White "Potocnik Primoz (SLO)"]
[Black "Farago Ivan (HUN)"]
[Result "0-1"]
[WhiteElo "2138"]
[BlackElo "2510"]

1.d4 Nf6 2.c4 e6 3.Nc3 Bb4 4.e3 O-O 5.Bd3 d5 6.a3 dxc4 7.Bxh7+ Kxh7 8.axb4 Nc6
9.b5 Nb4 10.Ra4 a5 11.bxa6 Nd3+ 12.Kf1 b5 13.Nxb5 Bd7 14.Rxc4 Bxb5 15.Qxd3+
Kg8 16.Ne2 Rxa6 17.Nc3 Bxc4 18.Qxc4 Ra1 19.Ke2 Qb8 20.Nd1 Ne4 21.f3 Nd6 22.Qc6
Qb3 23.Qc3 Qb5+ 24.Kf2 Qf5 25.Ke2 Qb5+ 26.Kf2 Rc8 27.Re1 c5 28.Bd2 cxd4
29.Qxd4 Nf5 30.Qe4 Qd7 31.Ke2 Rd8 32.Qc2 Nh4 33.Bc3 Qb5+ 34.Kf2 Qg5 35.g3 Nxf3
36.Kxf3 Qh5+ 37.g4 Qh3+ 38.Kf4 Rd5 39.Be5 Qh6+ 40.Kf3 Rxe5 {#R} 0-1

[Event "It"]
[Site "masterchessopen.com Sas Van Gent (Netherlands)"]
[Round "5"]
[White "Jelen Iztok (SLO)"]
[Black "Farago Ivan (HUN)"]
[Result "1-0"]
[WhiteElo "2430"]
[BlackElo "2510"]

1.d4 Nf6 2.c4 e6 3.Nc3 Bb4 4.e3 O-O 5.Bd3 d5 6.a3 dxc4 7.Bxh7+ Kxh7 8.axb4 Nc6
9.b5 Nb4 10.Ra4 a5 11.Nf3 Bd7 12.e4 Nd3+ 13.Kf1 Nxc1 14.Qxc1 c6 15.b6 Kg8
16.Rxc4 Qxb6 17.Rc5 a4 18.h4 a3 19.bxa3 Qa6+ 20.Kg1 Qxa3 21.Kh2 b6 22.Rg5 Qxc1
23.Rxc1 Ra3 24.Ne5 Rd8 25.Rg3 Be8 26.Nc4 Rb3 27.e5 Nh5 28.Rd3 b5 29.Nd2 Rb4
30.Ne2 f6 31.g4 Nf4 32.Nxf4 Rdxd4 33.Ra1 Rxf4 34.Rd8 Kh7 35.f3 Rfd4 36.Rxe8
Rxd2+ 37.Kg3 f5 38.gxf5 exf5 39.Ra7 Rd3 40.Ree7 Rg4+ 41.Kf2 Rg6 42.Rf7 b4
43.h5 Rg5 44.e6 f4 45.e7 Re3 46.Rf8 Rge5 47.Raa8 Re2+ 48.Kf1 Re1+ 49.Kg2 R5e2+
50.Kh3 Kh6 51.e8=Q {#r} 1-0

[Event "Ch World (juniors) (under 20) (g)"]
[Site "masterchessopen.com Buenos Aires (Argentina)"]
[Round "0"]
[White "Kadimova Ilaha (AZE)"]
[Black "Dabrowska Krystyna (POL)"]
[Result "0-1"]
[WhiteElo "2314"]
[BlackElo "2208"]

1.d4 Nf6 2.c4 e6 3.Nc3 Bb4 4.e3 O-O 5.Bd3 d5 6.a3 dxc4 7.Bxc4 Be7 8.Nf3 c5
9.O-O Nc6 10.dxc5 Bxc5 11.Qe2 Qe7 12.b4 Bd6 13.Bb2 e5 14.Nd5 Nxd5 15.Bxd5 Bg4
16.Qc4 Bxf3 17.Bxf3 Rac8 18.Qd3 Rfd8 19.Qe4 g6 20.Rfd1 Kf8 21.Qb1 Qc7 22.h3 a5
23.b5 Ne7 24.Qe4 b6 25.Rac1 Qb8 26.Rxc8 Rxc8 27.Qd3 Bc7 28.Rc1 Rd8 29.Qb3 Rd7
30.Bg4 Rd5 31.Be2 Rd7 32.Bc4 Nf5 33.g4 Nh4 34.Bd5 Qd8 35.Be4 h5 36.Qc2 hxg4
37.hxg4 f5 38.Bb7 e4 39.a4 Nf3+ 40.Kf1 Bb8 41.Qc8 Nh2+ 42.Kg2 Nxg4 43.Bd4 Ke7
44.Qxd8+ Rxd8 45.f3 exf3+ 46.Bxf3 Be5 47.Bxg4 Bxd4 48.Rc7+ Ke6 49.exd4 fxg4
50.Rc4 Rd6 51.Kg3 Kd5 52.Rc1 Kxd4 53.Kxg4 Kd5 54.Kg5 Re6 55.Rc2 Re4 56.Rc6
Rxa4 57.Rxb6 Kc5 58.Rxg6 Kxb5 59.Kf5 Rc4 60.Rg8 Kb4 61.Ke6 {#R} 0-1

[Event "It (open)"]
[Site "masterchessopen.com Bled (Slovenia)"]
[Round "0"]
[White "Jelen Iztok (SLO)"]
[Black "Farago Ivan (HUN)"]
[Result "0-1"]
[WhiteElo "2400"]
[BlackElo "2510"]

1.d4 Nf6 2.c4 e6 3.Nc3 Bb4 4.e3 O-O 5.Bd3 d5 6.a3 dxc4 7.Bxh7+ Nxh7 8.axb4 Nc6
9.Nf3 Nxb4 10.O-O a5 11.Ne5 b6 12.Nxc4 Ba6 13.Qb3 Nd5 14.Ne4 Qe8 15.Bd2 f5
16.Ng3 g5 17.e4 fxe4 18.Nxe4 Qb5 19.Qxb5 Bxb5 20.Rfc1 Nf4 21.Bxf4 Rxf4 22.Ncd2
c6 23.g3 Rf5 24.Nc4 Rd8 25.Nxb6 Rxd4 26.Re1 g4 27.Nc8 Kg7 28.Ncd6 Re5 29.Nxb5
cxb5 30.Nc3 Rxe1+ 31.Rxe1 Ng5 32.Kg2 b4 33.Na4 Rd2 34.Re5 Nh3 {#R} 0-1

[Event "It (open)"]
[Site "masterchessopen.com Haarlem (Netherlands)"]
[Round "4"]
[White "Cardon Helmut (NED)"]
[Black "Barsov Alexei (UZB)"]
[Result "1/2-1/2"]
[WhiteElo "2380"]
[BlackElo "2450"]

1.d4 Nf6 2.c4 e6 3.Nc3 Bb4 4.e3 O-O 5.Bd3 d5 6.a3 dxc4 7.Bxh7+ Kxh7 8.axb4 Nc6
9.Nf3 Nxb4 10.O-O c5 11.dxc5 Qxd1 12.Rxd1 Nd3 13.Nd2 Nxc5 14.Nxc4 Bd7 15.e4
Nb3 16.Rb1 b5 17.Ne5 {#d} 1/2-1/2

[Event "It"]
[Site "masterchessopen.com Maribor (Slovenia)"]
[Round "0"]
[White "Jelen Iztok (SLO)"]
[Black "Farago Ivan (HUN)"]
[Result "0-1"]
[WhiteElo "2400"]
[BlackElo "2510"]

1.d4 Nf6 2.c4 e6 3.Nc3 Bb4 4.e3 O-O 5.Bd3 d5 6.a3 dxc4 7.Bxh7+ Nxh7 8.axb4 Nc6
9.Nf3 Nxb4 10.O-O a5 11.Ne5 b6 12.Nxc4 Ba6 13.b3 Rc8 14.e4 c5 15.d5 exd5
16.exd5 Qh4 17.f4 Qf6 18.Bb2 Qd4+ 19.Kh1 Bxc4 20.bxc4 Qxc4 21.Na4 Nxd5 22.Rc1
Qe4 23.Re1 Ne3 24.Qd2 Qxa4 25.Qxe3 Rfe8 26.Qg3 f6 27.h4 Qa2 28.Ba1 Qf7 {#R}
0-1

[Event "Ch Netherlands (team)"]
[Site "masterchessopen.com Netherlands"]
[Round "4"]
[White "Van Den Doel Erik (NED)"]
[Black "Helgason Reynir (SWE)"]
[Result "1/2-1/2"]
[WhiteElo "2573"]
[BlackElo "2317"]

1.d4 Nf6 2.c4 e6 3.Nc3 Bb4 4.e3 O-O 5.Bd3 d5 6.a3 dxc4 7.Bxc4 Bd6 8.Nf3 Nc6
9.Nb5 e5 10.Nxd6 Qxd6 11.dxe5 Qxd1+ 12.Kxd1 Ng4 13.Ke1 Ngxe5 14.Nxe5 Nxe5
15.Be2 Bf5 16.Bd2 Nd3+ 17.Bxd3 Bxd3 18.f3 c5 19.Kf2 Rfe8 20.h4 h5 21.Rhg1 Bf5
22.e4 Be6 23.Be3 b6 24.Rad1 Red8 25.Bf4 Bb3 26.Rc1 Be6 27.Be5 Rd2+ 28.Ke3 Rad8
29.Bc3 R2d3+ 30.Kf4 f6 31.Rce1 Kf7 32.g4 hxg4 33.fxg4 Rh3 34.Rh1 Rxh4 35.Rxh4
g5+ 36.Ke3 gxh4 37.Rf1 Bxg4 38.Rxf6+ Ke8 39.Rf4 Be6 40.Rxh4 Rd7 41.Kf4 Rf7+
42.Ke5 Kd7 43.Bd2 Bb3 44.Rh3 Re7+ 45.Kf4 Rf7+ 46.Ke3 Bc2 47.Bc3 Re7 48.Rh4 Kc6
49.Bf6 Rd7 50.Rh2 Bb3 51.Kf4 a5 52.Kf5 Bc4 53.e5 Bd3+ 54.Kf4 Kd5 55.Rh8 b5
56.Ra8 b4 57.Rxa5 bxa3 58.Rxa3 Ke6 59.Ra5 Rc7 60.Ra8 Rb7 61.Rd8 Bc4 62.Rd6+
Kf7 63.Kg5 Be6 64.Rc6 c4 65.Rc5 Rxb2 66.Rc7+ Kf8 67.Kg6 Rg2+ 68.Bg5 Rf2
69.Be7+ Ke8 70.Bd6 Bf7+ 71.Kg5 Rg2+ 72.Kf5 Rf2+ 73.Ke4 Kd8 74.Kd4 Rd2+ 75.Ke3
Rd3+ 76.Kf4 Bd5 77.Rc5 Kd7 78.Rc7+ Kd8 79.Rc5 {#d} 1/2-1/2

[Event "Ch Norway (team)"]
[Site "masterchessopen.com Norway"]
[Round "4"]
[White "Steedman Jim"]
[Black "Bjerke Richard (NOR)"]
[Result "1/2-1/2"]
[WhiteElo "2200"]
[BlackElo "2270"]

1.d4 Nf6 2.c4 e6 3.Nc3 Bb4 4.e3 O-O 5.Bd3 d5 6.a3 dxc4 7.Bxc4 Bxc3+ 8.bxc3 c5
9.Ne2 Qc7 10.Bd3 Nc6 11.O-O e5 12.Qc2 Be6 13.f4 exd4 14.cxd4 c4 15.Bf5 Bxf5
16.Qxf5 Qe7 17.Qb5 Ng4 18.d5 Nxe3 19.dxc6 bxc6 20.Qe5 Qxe5 21.fxe5 Nxf1
22.Kxf1 f6 23.Be3 fxe5+ 24.Ke1 Rfd8 25.Rc1 Rd3 26.Bc5 Kf7 27.Rxc4 Ke6 28.Ra4
a5 29.Bb4 Rb3 30.Bd2 Rb1+ 31.Nc1 Ra7 32.Kd1 Rb2 33.Nd3 Rb5 34.Kc2 Rd5 35.Bc3
g6 36.Re4 Kf5 37.Rxe5+ Rxe5 {#d} 1/2-1/2